[Event "Belgrade Trophy 30th"]
[Site "Belgrade"]
[Date "2016.11.30"]
[Round "7"]
[White "Bujisic, Vlastimir"]
[Black "Kopta, Jiri"]
[Result "1/2-1/2"]
[WhiteElo "2206"]
[BlackElo "1919"]
[PlyCount "74"]
[EventDate "2016.11.24"]
[EventType "swiss"]
[EventRounds "9"]
[EventCountry "SRB"]
[SourceTitle "CBM 175 Extra"]
[Source "ChessBase"]
[SourceDate "2016.12.12"]
[SourceVersion "1"]
[SourceVersionDate "2016.12.12"]
[SourceQuality "1"]

1. e4 c5 2. c3 Nf6 3. e5 Nd5 4. d4 cxd4 5. Nf3 Nc6 6. Bc4 Nb6 7. Bb3 d5 8. exd6 Qxd6 9. cxd4 Be6 10. 0-0 Bxb3 11. axb3 g6 12. Nc3 Bg7 13. Nb5 Qd7 14. Qe2 0-0 15. Rd1 a6 16. Nc3 Rad8 17. Be3 Qf5 18. h3 h5 19. Rd2 Nd5 20. Na4 e5 21. dxe5 Nxe3 22. Qxe3 Rxd2 23. Nxd2 Bxe5 24. Nf3 Bf4 25. Qc5 Qc8 26. Nb6 Qd8 27. Nd5 Bd6 28. Qc4 Ne5 29. Qe4 Nxf3+ 30. Qxf3 Be5 31. Re1 Re8 32. Re2 Bh2+ 33. Kxh2 Rxe2 34. Nf6+ Kh8 35. Qxe2 Qxf6 36. Qc2 Kg7 37. g3 Qe5 1/2-1/2

[Event "CZE-chT2F 1415"]
[Site "Czech Republic"]
[Date "2015.03.15"]
[Round "9.66"]
[White "Beseda, Roman"]
[Black "Kopta, Jiri"]
[Result "1-0"]
[WhiteElo "2089"]
[BlackElo "2030"]
[PlyCount "117"]
[EventDate "2014.11.02"]
[EventType "team-tourn"]
[EventRounds "11"]
[EventCountry "CZE"]
[SourceTitle "EXT 2022"]
[Source "ChessBase"]
[SourceDate "2021.10.06"]
[SourceVersion "1"]
[SourceVersionDate "2021.10.06"]
[SourceQuality "1"]
[WhiteTeam "Dobra"]
[BlackTeam "Orlova Slavia II"]
[WhiteTeamCountry "CZE"]
[BlackTeamCountry "CZE"]

1. e4 c5 2. Nf3 g6 3. d4 cxd4 4. Nxd4 Nc6 5. c4 Nf6 6. Nc3 d6 7. Be2 Nxd4 8. Qxd4 Bg7 9. Be3 0-0 10. Qd2 Be6 11. Rc1 Qa5 12. b3 Rfc8 13. f3 Rc6 14. 0-0 a6 15. Nd5 Qd8 16. Rfd1 Nd7 17. Qb4 b6 18. Nf4 Rac8 19. Nxe6 fxe6 20. f4 e5 21. Bg4 Rb8 22. Qd2 Kh8 23. Be6 exf4 24. Bxf4 Ne5 25. Rf1 b5 26. Rcd1 bxc4 27. Bxe5 Bxe5 28. Bxc4 Bf6 29. Kh1 Qb6 30. Rf3 Kg7 31. Rh3 g5 32. Qe2 Rxc4 33. Qxc4 Qb7 34. Qd3 h6 35. Rf3 Rc8 36. Rdf1 Qc6 37. Qe2 a5 38. Rf5 a4 39. Qf3 Qc3 40. Qxc3 Rxc3 41. R5f3 Rc2 42. R3f2 Rc3 43. Rb1 Bd4 44. Rd2 Bc5 45. g3 axb3 46. axb3 Re3 47. b4 Bb6 48. Rc2 Rxe4 49. Rc6 Bd4 50. b5 Kf6 51. b6 Bxb6 52. Rcxb6 h5 53. Kg2 Ke5 54. Kf2 Rc4 55. Re1+ Kf6 56. Rb8 e5 57. Rh8 Kg6 58. Rd1 Rc2+ 59. Kg1 1-0

[Event "CZE-chT1E 1415"]
[Site "Czech Republic"]
[Date "2015.02.15"]
[Round "8.7"]
[White "Cagasik, Tomas"]
[Black "Kopta, Jiri"]
[Result "1-0"]
[WhiteElo "2235"]
[BlackElo "2030"]
[PlyCount "123"]
[EventDate "2014.10.19"]
[EventType "team-tourn"]
[EventRounds "11"]
[EventCountry "CZE"]
[SourceTitle "EXT 2016"]
[Source "ChessBase"]
[SourceDate "2015.10.08"]
[SourceVersion "1"]
[SourceVersionDate "2015.10.08"]
[SourceQuality "1"]
[WhiteTeam "Kromeriz"]
[BlackTeam "Orlova Slavia"]
[WhiteTeamCountry "CZE"]
[BlackTeamCountry "CZE"]

1. e4 c5 2. Nf3 g6 3. d4 cxd4 4. Nxd4 Nc6 5. Nxc6 bxc6 6. Bc4 Bg7 7. 0-0 Nf6 8. Nc3 d6 9. Qe2 0-0 10. Rd1 Qa5 11. Rb1 Rb8 12. Bd2 Qh5 13. Qxh5 Nxh5 14. Be3 Rb4 15. Bd3 Be6 16. a3 Rb7 17. Ba6 Rc7 18. Bd4 f5 19. Bxg7 Kxg7 20. Re1 f4 21. b4 Rb8 22. e5 d5 23. Na4 Bf5 24. Nc5 Kf7 25. Be2 Ra8 26. Bxh5 gxh5 27. Rb3 Bxc2 28. Rf3 a5 29. Rxf4+ Kg8 30. Rc1 Bg6 31. bxa5 Rxa5 32. Ne6 Rc8 33. Rxc6 Raa8 34. Rxc8+ Rxc8 35. f3 h6 36. Rd4 Bf7 37. Nf4 Rc1+ 38. Kf2 e6 39. Ra4 Ra1 40. Ke3 Ra2 41. Kd4 h4 42. Kc5 h3 43. gxh3 Rxh2 44. Kd6 Rb2 45. Ra8+ Kh7 46. Ra7 Kg8 47. Ke7 Rb8 48. Ra6 Re8+ 49. Kf6 Rf8 50. Ke7 Re8+ 51. Kd6 Kf8 52. Kc5 Rc8+ 53. Kd4 Rc4+ 54. Ke3 Ke7 55. Ra7+ Kf8 56. a4 Rc3+ 57. Kf2 d4 58. Rd7 Re3 59. Rxd4 Rxe5 60. Re4 Rxe4 61. fxe4 e5 62. Nd3 1-0

[Event "CZE-chT2F 1415"]
[Site "Czech Republic"]
[Date "2014.11.16"]
[Round "2.45"]
[White "Kopta, Jiri"]
[Black "Krajina, Ales"]
[Result "0-1"]
[WhiteElo "2030"]
[BlackElo "2193"]
[PlyCount "100"]
[EventDate "2014.11.02"]
[EventType "team-tourn"]
[EventRounds "11"]
[EventCountry "CZE"]
[SourceTitle "EXT 2022"]
[Source "ChessBase"]
[SourceDate "2021.10.06"]
[SourceVersion "1"]
[SourceVersionDate "2021.10.06"]
[SourceQuality "1"]
[WhiteTeam "Orlova Slavia II"]
[BlackTeam "Ostrava Labortech II"]
[WhiteTeamCountry "CZE"]
[BlackTeamCountry "CZE"]

1. e4 c6 2. d4 d5 3. e5 c5 4. c3 Nc6 5. f4 cxd4 6. cxd4 Nh6 7. Nf3 Bg4 8. Bb5 e6 9. 0-0 Nf5 10. Nc3 Qb6 11. Bxc6+ bxc6 12. Ne2 Be7 13. h3 Bxf3 14. Rxf3 a5 15. g4 Nh4 16. Rb3 Qa6 17. Ng3 a4 18. Rc3 c5 19. Be3 c4 20. f5 h5 21. Nxh5 Rxh5 22. gxh5 Nxf5 23. Bf2 Kd7 24. Rb1 Bb4 25. Rf3 Rh8 26. Rf4 Be7 27. Qf3 g6 28. hxg6 fxg6 29. Kh2 Qb7 30. b4 cxb3 31. axb3 a3 32. b4 Ra8 33. Qb3 Qxb4 34. Rf3 Rb8 35. Qxb4 Rxb4 36. Rfb3 Ra4 37. Ra1 Nxd4 38. Bxd4 Rxd4 39. Rb7+ Kd8 40. Rxe7 Kxe7 41. Rxa3 Re4 42. Ra7+ Kf8 43. Ra8+ Kg7 44. Ra7+ Kh6 45. Kg3 Rxe5 46. Re7 Kg5 47. h4+ Kf6 48. Rd7 Re3+ 49. Kf4 Re4+ 50. Kg3 d4 0-1

[Event "Karvina op"]
[Site "Karvina"]
[Date "2014.06.29"]
[Round "2"]
[White "Lojek, Marek"]
[Black "Kopta, Jiri"]
[Result "1-0"]
[WhiteElo "1780"]
[BlackElo "2041"]
[PlyCount "55"]
[EventDate "2014.06.28"]
[EventType "swiss"]
[EventRounds "9"]
[EventCountry "CZE"]
[SourceTitle "CBM 161 Extra"]
[Source "ChessBase"]
[SourceDate "2014.08.29"]
[SourceVersion "1"]
[SourceVersionDate "2014.08.29"]
[SourceQuality "1"]

1. e4 d6 2. d4 Nf6 3. Bd3 e5 4. c3 g6 5. f4 exd4 6. cxd4 c5 7. Nf3 cxd4 8. Nxd4 Qb6 9. Nc3 Nc6 10. Nxc6 bxc6 11. Qe2 Bg4 12. Qf2 Bg7 13. Be3 c5 14. Bb5+ Bd7 15. Bxd7+ Nxd7 16. Nd5 Qb7 17. 0-0 0-0 18. Rab1 a5 19. Rfd1 Rfe8 20. Qc2 f5 21. exf5 Rxe3 22. Nxe3 Bd4 23. Rxd4 cxd4 24. Qc4+ d5 25. Qxd5+ Qxd5 26. Nxd5 Re8 27. fxg6 hxg6 28. Kf2 1-0

[Event "Karvina op"]
[Site "Karvina"]
[Date "2014.06.28"]
[Round "1"]
[White "Kopta, Jiri"]
[Black "Tyburec, Zdenek"]
[Result "1-0"]
[WhiteElo "2041"]
[BlackElo "1663"]
[PlyCount "44"]
[EventDate "2014.06.28"]
[EventType "swiss"]
[EventRounds "9"]
[EventCountry "CZE"]
[SourceTitle "CBM 161 Extra"]
[Source "ChessBase"]
[SourceDate "2014.08.29"]
[SourceVersion "1"]
[SourceVersionDate "2014.08.29"]
[SourceQuality "1"]

1. e4 b6 2. d4 Bb7 3. Bd3 Nf6 4. Qe2 g6 5. f4 Bg7 6. Nf3 Nc6 7. c3 h6 8. 0-0 d6 9. e5 dxe5 10. fxe5 Nh7 11. e6 Qd5 12. exf7+ Kd8 13. Bc4 Qh5 14. Bf4 Ng5 15. Nbd2 Rf8 16. Rae1 Bf6 17. Nxg5 Qxe2 18. Ne6+ Qxe6 19. Bxe6 g5 20. Bg3 Nb8 21. Nc4 Nd7 22. Ne5 Nxe5 1-0

[Event "Ostrava Konik op"]
[Site "Ostrava"]
[Date "2014.04.28"]
[Round "3"]
[White "Snyta, Zdenek"]
[Black "Kopta, Jiri"]
[Result "1-0"]
[WhiteElo "2091"]
[BlackElo "1960"]
[PlyCount "101"]
[EventDate "2014.04.26"]
[EventType "swiss"]
[EventRounds "9"]
[EventCountry "CZE"]
[SourceTitle "CBM 160 Extra"]
[Source "ChessBase"]
[SourceDate "2014.07.01"]
[SourceVersion "1"]
[SourceVersionDate "2014.07.01"]
[SourceQuality "1"]

1. e4 c5 2. g3 Nc6 3. Bg2 g6 4. c3 Bg7 5. Ne2 e5 6. Na3 Nge7 7. d3 d5 8. 0-0 Be6 9. f4 dxe4 10. dxe4 0-0 11. Qxd8 Raxd8 12. Be3 b6 13. f5 gxf5 14. exf5 Nxf5 15. Rxf5 Bxf5 16. Bxc6 Rd6 17. Ba4 Rfd8 18. Re1 Be6 19. Bb3 Bxb3 20. axb3 Rd3 21. Kf2 f5 22. Nc1 R3d7 23. Bg5 Rf8 24. Ne2 Kf7 25. Bc1 Kg6 26. Ng1 e4 27. Nh3 Be5 28. Nc4 Bc7 29. Bf4 Bxf4 30. Nxf4+ Kf6 31. Re2 Rfd8 32. Ke3 Rd1 33. Nd2 b5 34. c4 a6 35. g4 Rd4 36. b4 bxc4 37. bxc5 Ke5 38. gxf5 Rd3+ 39. Nxd3+ cxd3 40. Nc4+ Kd5 41. Rf2 Kxc4 42. c6 Kd5 43. f6 Re1+ 44. Kd2 Rg1 45. Kc3 e3 46. Rf5+ Kxc6 47. Kxd3 Rg8 48. Kxe3 Kd7 49. f7 Rf8 50. Kd4 Ke6 51. Rf2 1-0

[Event "Ostrava Konik op"]
[Site "Ostrava"]
[Date "2014.04.26"]
[Round "1"]
[White "Nguyen, Thai Dai Vinh"]
[Black "Kopta, Jiri"]
[Result "0-1"]
[WhiteElo "1451"]
[BlackElo "1960"]
[PlyCount "68"]
[EventDate "2014.04.26"]
[EventType "swiss"]
[EventRounds "9"]
[EventCountry "CZE"]
[SourceTitle "CBM 160 Extra"]
[Source "ChessBase"]
[SourceDate "2014.07.01"]
[SourceVersion "1"]
[SourceVersionDate "2014.07.01"]
[SourceQuality "1"]

1. e4 c5 2. Nf3 g6 3. d4 cxd4 4. Nxd4 Nc6 5. Nc3 Bg7 6. Be3 Nf6 7. Be2 0-0 8. 0-0 d6 9. f4 e5 10. Nxc6 bxc6 11. fxe5 dxe5 12. Bg5 Qb6+ 13. Kh1 Nd7 14. Rb1 f6 15. Bc4+ Kh8 16. Bc1 Qb4 17. Be6 Qe7 18. Qg4 Re8 19. Bb3 Nc5 20. Qf3 Ba6 21. Rd1 Red8 22. Be3 Ne6 23. Qg4 Nd4 24. Bxd4 exd4 25. Ne2 f5 26. Qf3 fxe4 27. Qg4 Bc8 28. Qg3 Bf5 29. Qf2 e3 30. Qf4 Be5 31. Qf3 Qh4 32. h3 Be4 33. Qf1 Qxh3+ 34. Kg1 Qh2# 0-1

[Event "CZE-chT2F 1314"]
[Site "Czech Republic"]
[Date "2013.11.17"]
[Round "2.67"]
[White "Balazec, Ludovit"]
[Black "Kopta, Jiri"]
[Result "0-1"]
[WhiteElo "1954"]
[BlackElo "1960"]
[PlyCount "68"]
[EventDate "2013.11.03"]
[EventType "team-tourn"]
[EventRounds "11"]
[EventCountry "CZE"]
[SourceTitle "EXT 2016"]
[Source "ChessBase"]
[SourceDate "2015.10.08"]
[SourceVersion "1"]
[SourceVersionDate "2015.10.08"]
[SourceQuality "1"]
[WhiteTeam "Zlin II"]
[BlackTeam "Orlova Slavia II"]
[WhiteTeamCountry "CZE"]
[BlackTeamCountry "CZE"]

1. e4 c5 2. Nc3 Nc6 3. Nge2 g6 4. d4 cxd4 5. Nxd4 Bg7 6. Be3 Nf6 7. Bc4 Qa5 8. 0-0 0-0 9. Bb3 d6 10. Nd5 Qd8 11. Nxf6+ Bxf6 12. c3 Bd7 13. Qd2 Ne5 14. Bh6 Re8 15. h3 Rc8 16. Rad1 b5 17. Kh1 Nc4 18. Bxc4 Rxc4 19. f4 Qc8 20. Qe3 Qc5 21. f5 b4 22. Rd3 bxc3 23. bxc3 Rc8 24. fxg6 hxg6 25. Qf3 Rxc3 26. Nb3 Rxd3 27. Qxd3 Qh5 28. Qe3 Rc3 29. Qxa7 Bxh3 30. Be3 Bxg2+ 31. Kxg2 Qe2+ 32. Rf2 Qxe3 33. Qa8+ Kg7 34. Qd5 Qh3+ 0-1